| 000 | 01334nam a22003977a 4500 | ||
|---|---|---|---|
| 003 | CHAP | ||
| 005 | 20220329142936.0 | ||
| 008 | 050329d1971 us a r 00110 eng d | ||
| 010 | _a89911 | ||
| 011 | _a90883 | ||
| 035 | _a101440 | ||
| 040 | _cCHAP | ||
| 082 | 0 | 4 |
_a428 _bV3 |
| 100 | 0 | 0 |
_aVan Syoc, W. Bryce. _9117813 |
| 245 | 1 | 0 |
_aLet's learn English _c/by W. Bryce Van Syoc and Florence S. Van Syoc |
| 260 |
_aNew York : _bAmerican Book Company, _c1971 |
||
| 300 |
_a215 p. : _bilus. |
||
| 410 | 2 | 1 | _aAmerican Book Company |
| 490 | 0 |
_aAdvanced course _v; Book 5 |
|
| 590 |
_aBATCH-UPD _b10 _c20130110 _lUCH01 _h0232 |
||
| 590 |
_aBATCH-UPD _b10 _c20130110 _lUCH01 _h1758 |
||
| 590 |
_aBATCH-UPD _b10 _c20130409 _lUCH01 _h2256 |
||
| 590 |
_aBATCH-UPD _b10 _c20130410 _lUCH01 _h1134 |
||
| 590 |
_aBATCH-UPD _b10 _c20130913 _lUCH01 _h1939 |
||
| 590 |
_aCONVERSION _b10 _c20130109 _lUCH01 _h1350 |
||
| 650 | 1 | 4 |
_aInglés _xEstudio y enseñanza. _958340 |
| 650 | 1 | 4 |
_aInglés _xLibros para extranjeros. _958343 |
| 650 | 1 | 4 |
_aLibros de texto. _966681 |
| 700 | 0 |
_aVan Syoc, Florence S. _9117812 |
|
| 810 | 0 | 0 |
_aAmerican Book Company _95221 |
| 830 | 0 | 0 |
_aAdvanced course _v; Book 5 _9975 |
| 901 | _aBK | ||
| 905 | _aMarco A. Mendoza T. | ||
| 942 | _cLIBRO | ||
| 949 |
_a428 V3 _bBC _cLIBRO _d33724000954228 _eLIBRO _gDonaciØn _h105405 _i101440 _si |
||
| 999 |
_c89911 _d89911 |
||